[Event "SV Weidenau/Geisweid 1 - Godesberger SK"]
[Site "NRW-Klasse - Gruppe 4 2021/20"]
[Date "2022.04.24"]
[Round "8.1"]
[White "Mantau, Jan"]
[Black "Send, Sebastian"]
[Result "1/2-1/2"]
[WhiteElo "2184"]
[BlackElo "2173"]
[Annotator "daniel"]
[PlyCount "77"]
[EventDate "2022.??.??"]
[SourceVersionDate "2020.03.16"]
[WhiteTeam "Godesberger SK 2"]
[BlackTeam "SV Weidenau/Geisweid 1"]

1. e4 e5 2. Nf3 d6 3. d4 exd4 4. Nxd4 Nf6 5. Nc3 Be7 6. Be2 O-O 7. O-O c6 8.
Re1 b5 9. Bf3 b4 10. Nce2 Nfd7 11. Ng3 Ne5 12. Be2 Re8 13. f4 Ng6 14. Bc4 Bh4
15. Kh1 a5 16. a3 c5 17. Nb5 Ra6 18. axb4 cxb4 19. Nd4 Ra7 20. Bd2 Rae7 21. Bd5
Bb7 22. Ndf5 Rd7 23. Bxb7 Rxb7 24. Qg4 Bxg3 25. hxg3 Nc6 26. Rad1 Rd7 $11 27.
Bc1 d5 28. exd5 Rxe1+ 29. Rxe1 Rxd5 30. b3 Qd7 31. Ne3 Qxg4 32. Nxg4 Kf8 33.
Ne3 Rh5+ 34. Kg1 Nge7 35. g4 Rc5 36. Bb2 Nd5 37. Nxd5 Rxd5 38. Kf2 f6 39. Ke3
1/2-1/2

[Event "SV Weidenau/Geisweid 1 - Godesberger SK"]
[Site "NRW-Klasse - Gruppe 4 2021/20"]
[Date "2022.04.24"]
[Round "8.2"]
[White "Scholl, Patrick"]
[Black "Luebsen, Keno"]
[Result "0-1"]
[WhiteElo "2013"]
[BlackElo "2087"]
[PlyCount "68"]
[EventDate "2022.??.??"]
[SourceVersionDate "2020.03.16"]
[WhiteTeam "SV Weidenau/Geisweid 1"]
[BlackTeam "Godesberger SK 2"]

1. c4 c6 2. g3 d5 3. Nf3 Bg4 4. Bg2 e6 5. O-O Nd7 6. d3 Ngf6 7. Qb3 Qb6 8. Be3
Bc5 9. Bxc5 Nxc5 10. Qa3 a5 11. cxd5 Bxf3 12. Bxf3 exd5 13. Rc1 Nfd7 14. d4 Ne6
15. e3 Qb4 16. Rc3 O-O 17. Nd2 f5 18. Rac1 Ng5 19. Bg2 Ne4 20. Nxe4 fxe4 21.
Qb3 Nf6 22. Bh3 Qe7 23. Qd1 Ne8 24. Qg4 Rf6 25. Qd7 Qxd7 26. Bxd7 Nd6 27. Bh3
h5 28. Bf1 Kf7 29. Ra3 Ke7 30. Rc2 Rff8 31. Rc5 a4 32. h4 Kd7 33. Bh3+ Kc7 34.
Rc2 Nb5 0-1

[Event "SV Weidenau/Geisweid 1 - Godesberger SK"]
[Site "NRW-Klasse - Gruppe 4 2021/20"]
[Date "2022.04.24"]
[Round "8.3"]
[White "Mittmann, Johannes"]
[Black "Meinhardt, Michael"]
[Result "0-1"]
[WhiteElo "2105"]
[BlackElo "2035"]
[PlyCount "116"]
[EventDate "2022.??.??"]
[SourceVersionDate "2020.03.16"]
[WhiteTeam "Godesberger SK 2"]
[BlackTeam "SV Weidenau/Geisweid 1"]

1. e4 c6 2. d4 d5 3. exd5 cxd5 4. c4 Nf6 5. Nc3 Nc6 6. Bg5 dxc4 7. Bxc4 h6 8.
Bh4 Qxd4 9. Qxd4 Nxd4 10. O-O-O e5 11. f4 Bg4 12. Nf3 Bxf3 13. gxf3 Rc8 14. Bd3
Bb4 15. Kb1 Bxc3 16. bxc3 Nxf3 17. Bxf6 gxf6 18. Bb5+ Kf8 19. Be2 e4 20. Bxf3
exf3 21. Rd3 Rg8 22. Rxf3 Rg2 23. Rh3 Rc4 24. Rf1 Ra4 25. Rxh6 Raxa2 26. h4
Rab2+ 27. Ka1 Kg7 28. Rh5 Rbf2 29. Rxf2 Rxf2 30. Rb5 b6 31. f5 Rf4 32. Kb2 Rxh4
33. Kb3 Re4 34. Rd5 Re5 35. Rd7 a5 36. c4 b5 37. cxb5 Rxb5+ 38. Kc4 Rxf5 39.
Ra7 Kg6 40. Kd4 Rb5 41. Ke4 Rb4+ 42. Kf3 a4 43. Ra8 Kg5 44. Ra7 Rb3+ 45. Kf2 a3
46. Rxf7 a2 47. Ra7 Rb2+ 48. Kf3 Kf5 49. Ra5+ Ke6 50. Ke4 Kd6 51. Ra6+ Kc5 52.
Ra8 Kb4 53. Kd4 Rd2+ 54. Ke3 Rh2 55. Kd4 Kb3 56. Kd3 Kb2 57. Rb8+ Kc1 58. Ra8
Kb1 0-1

[Event "SV Weidenau/Geisweid 1 - Godesberger SK"]
[Site "NRW-Klasse - Gruppe 4 2021/20"]
[Date "2022.04.24"]
[Round "8.4"]
[White "Peutz, Arne"]
[Black "Koegler, Christof"]
[Result "0-1"]
[WhiteElo "1849"]
[BlackElo "2031"]
[PlyCount "102"]
[EventDate "2022.??.??"]
[SourceVersionDate "2020.03.16"]
[WhiteTeam "SV Weidenau/Geisweid 1"]
[BlackTeam "Godesberger SK 2"]

1. e4 c5 2. Nc3 e6 3. f4 d5 4. Nf3 d4 5. Nb1 Nc6 6. Bb5 Qb6 7. Bxc6+ Qxc6 8. d3
Nf6 9. Nbd2 Be7 10. a4 b6 11. O-O O-O 12. Nc4 Bb7 13. Nfe5 Qc7 14. f5 Rae8 15.
fxe6 fxe6 16. Bf4 Qd8 17. Qf3 Nd7 18. Qg4 Rf6 19. Rf3 Nxe5 20. Nxe5 Bd6 21.
Raf1 Ref8 22. Qg3 Be7 23. Qg4 Qe8 24. h4 Bd6 25. h5 Bc8 26. Rg3 Qe7 27. Rff3
Rxf4 28. Rxf4 Bxe5 29. Rxf8+ Qxf8 30. Rf3 Qe7 31. h6 Bd7 32. hxg7 Bxg7 33. b3
e5 34. Qh5 Be8 35. Qf5 Bd7 36. Qh5 Be6 37. Rg3 Bf7 38. Qf5 Bg6 39. Qc8+ Bf8 40.
Qc6 Bh6 41. Qa8+ Kg7 42. Qd5 Be3+ 43. Kf1 Qf7+ 44. Rf3 Qxd5 45. exd5 e4 46.
dxe4 Bxe4 47. Rg3+ Kf7 48. c4 Bc2 49. Rf3+ Ke7 50. Rg3 Bxb3 51. Rg7+ Kd6 0-1

[Event "SV Weidenau/Geisweid 1 - Godesberger SK"]
[Site "NRW-Klasse - Gruppe 4 2021/20"]
[Date "2022.04.24"]
[Round "8.6"]
[White "Dueber, Olaf"]
[Black "Schaefer, Timo"]
[Result "1-0"]
[WhiteElo "1923"]
[BlackElo "1933"]
[PlyCount "127"]
[EventDate "2022.??.??"]
[SourceVersionDate "2020.03.16"]
[WhiteTeam "SV Weidenau/Geisweid 1"]
[BlackTeam "Godesberger SK 2"]

1. d4 d5 2. Bf4 Nf6 3. e3 e6 4. Nf3 c5 5. c3 Nc6 6. Nbd2 Be7 7. Bd3 O-O 8. O-O
cxd4 9. exd4 a6 10. Ne5 Nxe5 11. dxe5 Nd7 12. Qh5 g6 13. Qh6 Re8 14. Nf3 Bf8
15. Qh3 f6 16. Rfe1 Bg7 17. c4 Nxe5 18. Nxe5 fxe5 19. Bxe5 dxc4 20. Bxc4 Bxe5
21. Rxe5 Qd4 22. Qc3 Qxc3 23. bxc3 b5 24. Bd5 Ra7 25. Rae1 Kf7 26. R1e3 Bd7 27.
Bb3 Rc7 28. g4 a5 29. a3 Rb7 30. g5 Rb6 31. Rh3 Kg7 32. Rd3 Re7 33. Rc5 Be8 34.
Re5 Bd7 35. Kg2 Rf7 36. Kg3 Re7 37. Kf4 Rf7+ 38. Ke3 Re7 39. h4 Be8 40. f4 Bd7
41. h5 Rf7 42. Rc5 Rb7 43. hxg6 hxg6 44. Rd6 Re7 45. Re5 Kf7 46. Kd4 Rc7 47.
Re1 Re8 48. Rh1 Kg7 49. Re1 Kf7 50. Re5 Re7 51. Rc5 Rb7 52. Ke5 Ra7 53. Bd1 Be8
54. Bf3 Rac7 55. Bc6 Rc8 56. Bxe8+ Rexe8 57. Rd7+ Kg8 58. Rcc7 Rxc7 59. Rxc7
Rd8 60. Kf6 Rf8+ 61. Kxg6 Rxf4 62. Rc8+ Rf8 63. Rxf8+ Kxf8 64. Kf6 1-0

[Event "SV Weidenau/Geisweid 1 - Godesberger SK"]
[Site "NRW-Klasse - Gruppe 4 2021/20"]
[Date "2022.04.24"]
[Round "8.7"]
[White "Selalmazidis, Arsenis"]
[Black "Utsch, Tom"]
[Result "1-0"]
[WhiteElo "1898"]
[BlackElo "1465"]
[PlyCount "83"]
[EventDate "2022.??.??"]
[SourceVersionDate "2020.03.16"]
[WhiteTeam "Godesberger SK 2"]
[BlackTeam "SV Weidenau/Geisweid 1"]

1. e4 c6 2. d4 d5 3. e5 Bf5 4. Ne2 e6 5. Ng3 Bg6 6. h4 h5 7. Bg5 Be7 8. Qd2 Nh6
9. Nc3 Nd7 10. O-O-O Nf5 11. Nxf5 Bxf5 12. Bxe7 Qxe7 13. Be2 Nb6 14. a3 O-O-O
15. f3 Kb8 16. Rh2 a6 17. g4 Bg6 18. g5 Rc8 19. f4 c5 20. Kb1 c4 21. Rc1 Rc6
22. Ka2 Rhc8 23. Qd1 Rh8 24. Bf3 Qc7 25. Rg2 Nd7 26. Qe2 b5 27. Nd1 a5 28. Ne3
Be4 29. Bxe4 dxe4 30. d5 Rc5 31. Rd1 Qb7 32. dxe6 fxe6 33. Rd6 Rhc8 34. Qd1
R8c7 35. Rgd2 Kc8 36. Rxe6 Kb8 37. Re7 Nxe5 38. Rxc7 Rxc7 39. Rd8+ Ka7 40. Qd4+
Ka6 41. fxe5 b4 42. Rd6+ 1-0

[Event "SV Weidenau/Geisweid 1 - Godesberger SK"]
[Site "NRW-Klasse - Gruppe 4 2021/20"]
[Date "2022.04.24"]
[Round "8.8"]
[White "Johannes, Manuel"]
[Black "Schumacher, Markus"]
[Result "0-1"]
[WhiteElo "1478"]
[BlackElo "1856"]
[PlyCount "52"]
[EventDate "2022.??.??"]
[SourceVersionDate "2020.03.16"]
[WhiteTeam "SV Weidenau/Geisweid 1"]
[BlackTeam "Godesberger SK 2"]

1. e4 c5 2. a3 e6 3. b4 Qc7 4. bxc5 Bxc5 5. d4 Be7 6. Nf3 d6 7. Bb2 Nf6 8. Bd3
Nbd7 9. O-O O-O 10. Nc3 a6 11. Rb1 b5 12. e5 dxe5 13. Nxe5 Bb7 14. Qe2 Nxe5 15.
dxe5 Nd7 16. Be4 Bxe4 17. Qxe4 Rfd8 18. Rfe1 Rac8 19. Qf4 Nb6 20. Re2 Nc4 21.
Nxb5 axb5 22. Bc3 Nxa3 23. Rbe1 Qxc3 24. Re3 Qxc2 25. Rf3 Qg6 26. h3 Rc4 0-1

[Event "Godesberger SK 2 - SC Bonn Beuel 1"]
[Site "NRW-Klasse - Gruppe 4 2021/20"]
[Date "2022.05.22"]
[Round "9.1"]
[White "Haag, Martin"]
[Black "Mantau, Jan"]
[Result "1/2-1/2"]
[WhiteElo "2214"]
[BlackElo "2184"]
[PlyCount "61"]
[EventDate "2022.??.??"]
[SourceVersionDate "2020.03.16"]
[WhiteTeam "SC Bonn Beuel 1"]
[BlackTeam "Godesberger SK 2"]

1. c4 e5 2. Nc3 Nc6 3. g3 Nf6 4. Bg2 Bb4 5. Nd5 O-O 6. Nf3 e4 7. Nh4 Re8 8. O-O
d6 9. d3 exd3 10. Qxd3 Ne5 11. Qc2 Nxd5 12. cxd5 Bc5 13. Bd2 Bg4 14. Bc3 Qd7
15. b4 Bb6 16. a4 a5 17. bxa5 Bxa5 18. Bxa5 Rxa5 19. f3 Rc5 20. Qb3 Bh3 21. a5
Bxg2 22. Nxg2 Rb5 23. Qa2 c6 24. Nf4 Ra8 25. Rfb1 Qc7 26. dxc6 Qxc6 27. Rxb5
Qxb5 28. Qb1 Qc5+ 29. Kg2 Qc6 30. Qb3 Kf8 31. Rb1 1/2-1/2

[Event "Godesberger SK 2 - SC Bonn Beuel 1"]
[Site "NRW-Klasse - Gruppe 4 2021/20"]
[Date "2022.05.22"]
[Round "9.2"]
[White "Gerusel, Mathias"]
[Black "Hoppe, Thilo"]
[Result "1/2-1/2"]
[WhiteElo "2161"]
[BlackElo "2136"]
[PlyCount "52"]
[EventDate "2022.??.??"]
[SourceVersionDate "2020.03.16"]
[WhiteTeam "Godesberger SK 2"]
[BlackTeam "SC Bonn Beuel 1"]

1. d4 Nf6 2. c4 g6 3. Nc3 d5 4. cxd5 Nxd5 5. e4 Nxc3 6. bxc3 Bg7 7. Bc4 c5 8.
Be3 O-O 9. Ne2 Nc6 10. O-O b6 11. dxc5 Qc7 12. cxb6 axb6 13. f3 Na5 14. Bb5 Be6
15. Qc2 Nc4 16. Bxc4 Bxc4 17. Rfc1 b5 18. Qb2 Ra5 19. Nd4 Rfa8 20. a3 Qd6 21.
Rcb1 h5 22. Qd2 Rxa3 23. Rxa3 Rxa3 24. Nxb5 Qxd2 25. Bxd2 Bxb5 26. Rxb5 Bxc3
1/2-1/2

[Event "Godesberger SK 2 - SC Bonn Beuel 1"]
[Site "NRW-Klasse - Gruppe 4 2021/20"]
[Date "2022.05.22"]
[Round "9.3"]
[White "Lorenz, Roger"]
[Black "Mueller-Boge, Michael"]
[Result "1-0"]
[WhiteElo "2136"]
[BlackElo "1984"]
[PlyCount "85"]
[EventDate "2022.??.??"]
[SourceVersionDate "2020.03.16"]
[WhiteTeam "SC Bonn Beuel 1"]
[BlackTeam "Godesberger SK 2"]

1. d4 Nf6 2. c4 g6 3. Nc3 d5 4. Nf3 Bg7 5. Qb3 dxc4 6. Qxc4 O-O 7. e4 c6 8. Qb3
b5 9. e5 Ne8 10. Bg5 Be6 11. Qc2 Na6 12. Be2 f6 13. exf6 exf6 14. Be3 Nd6 15.
Rd1 Nb4 16. Qc1 Rc8 17. a3 Nd5 18. O-O Re8 19. Nxd5 Bxd5 20. Ne1 Bb3 21. Nc2
Nf5 22. Rd3 Bc4 23. Rd2 Nxe3 24. fxe3 Bxe2 25. Rxe2 c5 26. Qd1 f5 27. Rd2 c4
28. Rf3 c3 29. bxc3 Rxc3 30. Rd3 Qc7 31. Rxc3 Qxc3 32. e4 Qb2 33. exf5 Rc8 34.
Rf2 gxf5 35. h3 a6 36. Qe2 Qb3 37. Kh2 Qd5 38. Qd3 Be5+ 39. Kg1 f4 40. Qf5 Re8
41. dxe5 Rxe5 42. Qxf4 Re8 43. Qg4+ 1-0

[Event "Godesberger SK 2 - SC Bonn Beuel 1"]
[Site "NRW-Klasse - Gruppe 4 2021/20"]
[Date "2022.05.22"]
[Round "9.4"]
[White "Schaefer, Timo"]
[Black "Decker, Nils"]
[Result "0-1"]
[WhiteElo "1933"]
[BlackElo "2117"]
[PlyCount "50"]
[EventDate "2022.??.??"]
[SourceVersionDate "2020.03.16"]
[WhiteTeam "Godesberger SK 2"]
[BlackTeam "SC Bonn Beuel 1"]

1. d4 d5 2. c4 e6 3. Nf3 Nf6 4. Nc3 dxc4 5. e4 Bb4 6. Qc2 b5 7. Bg5 h6 8. Bh4
g5 9. Bg3 g4 10. Nd2 Nc6 11. Nxb5 Rb8 12. Qxc4 Bxd2+ 13. Kxd2 Nxe4+ 14. Ke3 Bb7
15. Nxc7+ Kf8 16. Nb5 Nxg3 17. Qc5+ Ne7 18. fxg3 Kg8 19. Be2 a6 20. Nd6 Qxd6
21. Qxd6 Nf5+ 22. Kd3 Nxd6 23. Bxg4 Bxg2 24. Rhe1 Rxb2 25. Rac1 Rxa2 0-1

[Event "Godesberger SK 2 - SC Bonn Beuel 1"]
[Site "NRW-Klasse - Gruppe 4 2021/20"]
[Date "2022.05.22"]
[Round "9.5"]
[White "Gikas, Andreas Basilius"]
[Black "Selalmazidis, Arsenis"]
[Result "1-0"]
[WhiteElo "2143"]
[BlackElo "1898"]
[PlyCount "67"]
[EventDate "2022.??.??"]
[SourceVersionDate "2020.03.16"]
[WhiteTeam "SC Bonn Beuel 1"]
[BlackTeam "Godesberger SK 2"]

1. e4 e5 2. Nf3 Nc6 3. Bc4 Bc5 4. c3 Nf6 5. d4 exd4 6. e5 d5 7. Bb5 Ne4 8. cxd4
Bb6 9. h3 O-O 10. O-O Bd7 11. Ba4 Qe7 12. Nc3 Nxc3 13. bxc3 Na5 14. Bc2 Nc4 15.
Ng5 g6 16. Bd3 f6 17. exf6 Rxf6 18. Re1 Qg7 19. Bxc4 dxc4 20. Qe2 Bc6 21. Qxc4+
Kh8 22. Ba3 Rf5 23. Re7 Bd5 24. Qe2 Qf6 25. Nxh7 Qh4 26. Re1 Rg8 27. c4 Bc6 28.
c5 Ba5 29. d5 Bxe1 30. Bb2+ Rg7 31. Bxg7+ Kg8 32. Qe6+ Kxh7 33. Bf6+ Kh6 34.
Bxh4 1-0

[Event "Godesberger SK 2 - SC Bonn Beuel 1"]
[Site "NRW-Klasse - Gruppe 4 2021/20"]
[Date "2022.05.22"]
[Round "9.6"]
[White "Schumacher, Markus"]
[Black "Rosskothen, Arnd"]
[Result "0-1"]
[WhiteElo "1856"]
[BlackElo "2078"]
[PlyCount "114"]
[EventDate "2022.??.??"]
[SourceVersionDate "2020.03.16"]
[WhiteTeam "Godesberger SK 2"]
[BlackTeam "SC Bonn Beuel 1"]

1. e4 c5 2. Nf3 e6 3. d4 cxd4 4. Nxd4 Nc6 5. Nc3 Qc7 6. Be2 a6 7. O-O Nf6 8.
Be3 d6 9. Qd2 Be7 10. a4 O-O 11. Bf3 Ne5 12. Be2 Re8 13. f3 Bd7 14. a5 Nc4 15.
Bxc4 Qxc4 16. b3 Qc7 17. Na4 Bxa4 18. Rxa4 d5 19. Ne2 Rac8 20. e5 Qxe5 21. Rd4
Qc7 22. c4 Bc5 23. Rh4 dxc4 24. Rxc4 Bxe3+ 25. Qxe3 Qxa5 26. Rh4 Qc5 27. Qxc5
Rxc5 28. Rb4 Re7 29. Rd1 g5 30. Rd2 Kg7 31. h4 h6 32. hxg5 hxg5 33. Kf2 a5 34.
Ra4 Nd5 35. Ng3 f5 36. Ne2 Kf6 37. Ra1 b6 38. Raa2 Nc3 39. Rab2 Nxe2 40. Kxe2
Rec7 41. b4 Rb5 42. bxa5 Rxb2 43. Rxb2 bxa5 44. Ra2 Rc5 45. g3 Ke5 46. Ra4 Kd5
47. g4 f4 48. Kd3 Kc6 49. Kd4 Kd6 50. Ke4 Rb5 51. Kd3 Rb3+ 52. Kc4 Rb4+ 53.
Rxb4 axb4 54. Kxb4 Kd5 55. Kc3 e5 56. Kd3 e4+ 57. Ke2 Kd4 0-1

[Event "Godesberger SK 2 - SC Bonn Beuel 1"]
[Site "NRW-Klasse - Gruppe 4 2021/20"]
[Date "2022.05.22"]
[Round "9.7"]
[White "Koch, Matthias"]
[Black "Maurer, Tobias"]
[Result "1/2-1/2"]
[WhiteElo "1955"]
[BlackElo "1811"]
[PlyCount "76"]
[EventDate "2022.??.??"]
[SourceVersionDate "2020.03.16"]
[WhiteTeam "SC Bonn Beuel 1"]
[BlackTeam "Godesberger SK 2"]

1. e4 e6 2. d4 d5 3. Nc3 Bb4 4. e5 Ne7 5. f4 c5 6. Bd2 a6 7. a3 cxd4 8. axb4
dxc3 9. Bxc3 Nf5 10. Nf3 Ne3 11. Qe2 Nxf1 12. Qxf1 Bd7 13. Qf2 Nc6 14. O-O Rc8
15. Kh1 Ne7 16. Nd4 Qb6 17. Nf5 Qxf2 18. Nd6+ Kf8 19. Rxf2 Rb8 20. b5 axb5 21.
Ba5 Ra8 22. Rff1 g6 23. Nxb7 Kg7 24. Nc5 Bc6 25. Bb4 Nf5 26. Rae1 Ra7 27. Kg1
Rha8 28. g4 Ne7 29. Nb3 Be8 30. Nd4 Nc6 31. Bc5 Nxd4 32. Bxd4 Ra4 33. c3 b4 34.
f5 bxc3 35. bxc3 Rb8 36. Rb1 Raa8 37. Rxb8 Rxb8 38. f6+ Kf8 1/2-1/2

[Event "Godesberger SK 2 - SC Bonn Beuel 1"]
[Site "NRW-Klasse - Gruppe 4 2021/20"]
[Date "2022.05.22"]
[Round "9.8"]
[White "Henn, Peter"]
[Black "Goergen, Christian"]
[Result "0-1"]
[WhiteElo "1782"]
[BlackElo "1991"]
[PlyCount "36"]
[EventDate "2022.??.??"]
[SourceVersionDate "2020.03.16"]
[WhiteTeam "Godesberger SK 2"]
[BlackTeam "SC Bonn Beuel 1"]

1. d4 Nf6 2. c4 c5 3. e3 g6 4. Nc3 Bg7 5. Nf3 O-O 6. Bd3 cxd4 7. exd4 d5 8. b3
Nc6 9. O-O Bg4 10. Be3 e5 11. dxe5 Bxf3 12. gxf3 Nxe5 13. cxd5 Rc8 14. Rc1 Rxc3
15. Rxc3 Nxd5 16. Bxg6 Nxc3 17. Bxh7+ Kxh7 18. Qc2+ Qd3 0-1

[Event "SF Stadtverwaltung Bonn 1 - SV Weidenau"]
[Site "NRW-Klasse - Gruppe 4 2021/20"]
[Date "2022.05.22"]
[Round "9.1"]
[White "Send, Sebastian"]
[Black "Horstmann, Olaf"]
[Result "1-0"]
[WhiteElo "2173"]
[BlackElo "2125"]
[PlyCount "53"]
[EventDate "2022.??.??"]
[SourceVersionDate "2020.03.16"]
[WhiteTeam "SV Weidenau/Geisweid 1"]
[BlackTeam "SF Stadtverwaltung Bonn 1"]

1. c4 f5 2. g3 Nf6 3. Bg2 e6 4. d4 c6 5. Nh3 d6 6. O-O Be7 7. Nc3 e5 8. b3 O-O
9. Bb2 Na6 10. e3 h6 11. a3 Nc7 12. dxe5 dxe5 13. Na4 e4 14. Qc2 g5 15. Rad1
Qe8 16. Be5 Ne6 17. c5 Qh5 18. Qc4 f4 19. Rfe1 fxe3 20. fxe3 Nd5 21. Qxe4 Nxc5
22. Nxc5 Bxh3 23. Bxh3 Bxc5 24. Be6+ Rf7 25. g4 Nxe3 26. gxh5 Nxd1+ 27. Kg2 1-0

[Event "SF Stadtverwaltung Bonn 1 - SV Weidenau"]
[Site "NRW-Klasse - Gruppe 4 2021/20"]
[Date "2022.05.22"]
[Round "9.3"]
[White "Meinhardt, Michael"]
[Black "Suppert, Timur"]
[Result "0-1"]
[WhiteElo "2035"]
[BlackElo "2099"]
[PlyCount "66"]
[EventDate "2022.??.??"]
[SourceVersionDate "2020.03.16"]
[WhiteTeam "SV Weidenau/Geisweid 1"]
[BlackTeam "SF Stadtverwaltung Bonn 1"]

1. d4 f5 2. c4 Nf6 3. e3 d6 4. Nf3 g6 5. b4 Bg7 6. Bb2 O-O 7. Be2 Qe8 8. O-O
Nc6 9. Qb3 h6 10. c5+ Kh7 11. d5 Nb8 12. cxd6 exd6 13. Nc3 Rf7 14. Rac1 Re7 15.
Nb5 Qd8 16. Rfd1 a6 17. Nbd4 Qg8 18. Ne6 Bxe6 19. dxe6 Nc6 20. Nd4 Nd8 21. Bf3
c6 22. Qc2 Qe8 23. h4 d5 24. h5 Ne4 25. g4 Bxd4 26. Bxd4 Nxe6 27. gxf5 gxf5 28.
Qe2 Nxd4 29. Rxd4 Rg7+ 30. Kh2 Qe5+ 31. Kh1 Qf6 32. Bg2 Qh4+ 33. Kg1 Rag8 0-1

[Event "SF Stadtverwaltung Bonn 1 - SV Weidenau"]
[Site "NRW-Klasse - Gruppe 4 2021/20"]
[Date "2022.05.22"]
[Round "9.4"]
[White "Wagner, Rainer"]
[Black "Peutz, Arne"]
[Result "1/2-1/2"]
[WhiteElo "2053"]
[BlackElo "1849"]
[PlyCount "24"]
[EventDate "2022.??.??"]
[SourceVersionDate "2020.03.16"]
[WhiteTeam "SF Stadtverwaltung Bonn 1"]
[BlackTeam "SV Weidenau/Geisweid 1"]

1. d4 d5 2. Nf3 Nf6 3. c4 e6 4. g3 Bb4+ 5. Nbd2 dxc4 6. Qc2 Nc6 7. Qxc4 Qd5 8.
Qxd5 exd5 9. Bg2 Bg4 10. e3 Bd6 11. a3 O-O 12. O-O Rfe8 1/2-1/2

[Event "SF Stadtverwaltung Bonn 1 - SV Weidenau"]
[Site "NRW-Klasse - Gruppe 4 2021/20"]
[Date "2022.05.22"]
[Round "9.5"]
[White "Piskorz, Andreas"]
[Black "Wahl, Felix"]
[Result "0-1"]
[WhiteElo "1870"]
[BlackElo "2017"]
[PlyCount "52"]
[EventDate "2022.??.??"]
[SourceVersionDate "2020.03.16"]
[WhiteTeam "SV Weidenau/Geisweid 1"]
[BlackTeam "SF Stadtverwaltung Bonn 1"]

1. Nf3 d5 2. b3 Nf6 3. Bb2 Bg4 4. e3 Nbd7 5. Be2 e6 6. O-O Bd6 7. c4 c6 8. Nc3
O-O 9. cxd5 cxd5 10. Nd4 Bxe2 11. Qxe2 a6 12. f4 Qe7 13. Rf3 Ba3 14. d3 Bxb2
15. Qxb2 Rac8 16. b4 e5 17. Nf5 Qe6 18. e4 g6 19. fxe5 gxf5 20. exf6 Qxf6 21.
e5 Nxe5 22. Rg3+ Ng6 23. d4 Qxd4+ 24. Kh1 Rfe8 25. h3 f4 26. Rf3 Ne5 0-1

[Event "SF Stadtverwaltung Bonn 1 - SV Weidenau"]
[Site "NRW-Klasse - Gruppe 4 2021/20"]
[Date "2022.05.22"]
[Round "9.6"]
[White "Dehmel, Jens"]
[Black "Dueber, Olaf"]
[Result "1/2-1/2"]
[WhiteElo "2008"]
[BlackElo "1923"]
[PlyCount "38"]
[EventDate "2022.??.??"]
[SourceVersionDate "2020.03.16"]
[WhiteTeam "SF Stadtverwaltung Bonn 1"]
[BlackTeam "SV Weidenau/Geisweid 1"]

1. d4 Nf6 2. c4 e5 3. dxe5 Ne4 4. Nf3 b6 5. a3 Bb7 6. Qc2 a5 7. b3 d6 8. exd6
Bxd6 9. Bb2 O-O 10. Nc3 Re8 11. Nxe4 Bxe4 12. Qc3 f6 13. e3 Nc6 14. Rd1 Qe7 15.
Bd3 Rad8 16. Bxe4 Qxe4 17. O-O Qe7 18. Qc2 Bxa3 19. Bxa3 Qxa3 1/2-1/2

[Event "SF Stadtverwaltung Bonn 1 - SV Weidenau"]
[Site "NRW-Klasse - Gruppe 4 2021/20"]
[Date "2022.05.22"]
[Round "9.7"]
[White "Schneider, Manfred"]
[Black "Hoefer, Severin Paul"]
[Result "1/2-1/2"]
[WhiteElo "1947"]
[BlackElo "1998"]
[Annotator "daniel"]
[PlyCount "92"]
[EventDate "2022.??.??"]
[SourceVersionDate "2020.03.16"]
[WhiteTeam "SV Weidenau/Geisweid 1"]
[BlackTeam "SF Stadtverwaltung Bonn 1"]

1. e4 e5 2. Nc3 Nf6 3. Bc4 Nxe4 4. Nxe4 d5 5. Bxd5 Qxd5 6. Qf3 Be6 7. Nc3 Qc6
8. d3 Bb4 9. Bd2 O-O 10. Qxc6 Nxc6 11. Nge2 Rfe8 12. O-O Bf8 13. a3 g6 14. Rae1
Bg7 15. Nd1 Nd4 16. Nxd4 exd4 17. f3 c5 18. Nf2 f5 19. Re2 Bd7 20. Rfe1 Rxe2
21. Rxe2 Re8 22. Kf1 Rxe2 23. Kxe2 Be5 24. h3 Kf7 25. c3 Ke6 26. Nd1 Ba4 27.
cxd4 cxd4 28. b4 b5 29. f4 $11 Bf6 30. g3 Bb3 31. Nf2 Bd5 32. h4 Bg2 33. Nd1
Kf7 34. Kf2 Bd5 35. Kf1 Kg7 36. Nf2 Kh6 37. Ke2 Kh5 38. Kf1 Bf3 39. Ke1 Bd8 40.
Kf1 h6 41. Ke1 Bc7 42. Kf1 a6 43. Ke1 g5 44. hxg5 hxg5 45. Nh3 gxf4 46. Bxf4
Bg2 1/2-1/2

[Event "SF Stadtverwaltung Bonn 1 - SV Weidenau"]
[Site "NRW-Klasse - Gruppe 4 2021/20"]
[Date "2022.05.22"]
[Round "9.8"]
[White "Nenner, Thomas"]
[Black "Johannes, Manuel"]
[Result "1/2-1/2"]
[WhiteElo "1984"]
[BlackElo "1478"]
[PlyCount "48"]
[EventDate "2022.??.??"]
[SourceVersionDate "2020.03.16"]
[WhiteTeam "SF Stadtverwaltung Bonn 1"]
[BlackTeam "SV Weidenau/Geisweid 1"]

1. d4 Nf6 2. c4 e5 3. dxe5 Ng4 4. Nf3 Bc5 5. e3 Nc6 6. Bd2 O-O 7. Bc3 Re8 8.
Be2 a5 9. O-O Ngxe5 10. Nbd2 Qe7 11. Nb3 Nxf3+ 12. Bxf3 Ne5 13. Nxc5 Qxc5 14.
Bd4 Nxf3+ 15. Qxf3 Qg5 16. Rad1 Ra6 17. Bc3 Rh6 18. Rd5 Qh4 19. Qg3 Qxg3 20.
hxg3 b6 21. c5 c6 22. Rd2 bxc5 23. Bxa5 d5 24. Rc1 c4 1/2-1/2

[Event "Bergische SF 1 - Hellertaler SF 1"]
[Site "NRW-Klasse - Gruppe 4 2021/20"]
[Date "2022.05.22"]
[Round "9.2"]
[White "Harringer, Manfred"]
[Black "Mueller, Sven"]
[Result "1/2-1/2"]
[WhiteElo "2025"]
[BlackElo "1968"]
[PlyCount "104"]
[EventDate "2022.??.??"]
[SourceVersionDate "2020.03.16"]
[WhiteTeam "Bergische SF 1"]
[BlackTeam "Hellertaler SF 1"]

1. e4 c5 2. Nf3 d6 3. Bb5+ Nd7 4. O-O a6 5. Bxd7+ Bxd7 6. c4 e6 7. b3 b5 8. d3
Qf6 9. e5 dxe5 10. Bb2 Bd6 11. Qe2 Bc6 12. Nbd2 Ne7 13. Bxe5 Bxe5 14. Qxe5 Qxe5
15. Nxe5 Rc8 16. Ne4 Bxe4 17. dxe4 f6 18. Nd3 Kf7 19. Rfd1 Rhd8 20. f3 Rd4 21.
Nb2 Rcd8 22. Rxd4 Rxd4 23. Rd1 Nc6 24. Kf2 Ke7 25. Ke2 Nb4 26. a3 Nc2 27. Rc1
Nxa3 28. cxb5 axb5 29. Rxc5 Rb4 30. Rc3 Nb1 31. Rd3 f5 32. exf5 Rh4 33. h3 b4
34. fxe6 Kxe6 35. Nd1 Rh5 36. Rd4 Rb5 37. Kd3 Na3 38. Ne3 g6 39. Re4+ Re5 40.
Nc4 Rxe4 41. fxe4 Nb5 42. Nd2 Na3 43. Nf3 h5 44. Nd4+ Ke5 45. Nc6+ Kf4 46. Nxb4
Kg3 47. Nd5 Kxg2 48. Nf4+ Kg3 49. Nxg6 Kxh3 50. e5 Kg4 51. e6 Nb5 52. e7 Nd6
1/2-1/2

[Event "Bergische SF 1 - Hellertaler SF 1"]
[Site "NRW-Klasse - Gruppe 4 2021/20"]
[Date "2022.05.22"]
[Round "9.3"]
[White "Petri, Wolfgang"]
[Black "Heckoetter, Christian"]
[Result "1-0"]
[WhiteElo "1920"]
[BlackElo "1970"]
[PlyCount "93"]
[EventDate "2022.??.??"]
[SourceVersionDate "2020.03.16"]
[WhiteTeam "Hellertaler SF 1"]
[BlackTeam "Bergische SF 1"]

1. e4 e6 2. d4 d5 3. Nc3 Bb4 4. e5 c5 5. Qg4 Ne7 6. Nf3 Nbc6 7. Bd2 cxd4 8.
Nxd4 Nxd4 9. Qxd4 Ba5 10. Bb5+ Bd7 11. O-O Bxc3 12. Bxd7+ Qxd7 13. Qxc3 Rc8 14.
Qa3 b6 15. Bb4 Nc6 16. Bd6 Nd4 17. Qd3 Nf5 18. Ba3 Qa4 19. c3 Qc4 20. Qh3 h5
21. b3 Qc7 22. c4 dxc4 23. bxc4 Qxe5 24. Rfe1 Qf4 25. Rad1 Ne7 26. Qd3 Qc7 27.
Bd6 Qb7 28. Qh3 Rxc4 29. Re5 Rg4 30. f3 Rg6 31. Rxh5 Rxh5 32. Qxh5 Nd5 33. Qh8+
Kd7 34. Qf8 Kc6 35. Rc1+ Kb5 36. Qe8+ Ka5 37. Bg3 b5 38. Be1+ Ka4 39. Bf2 a6
40. h4 Ka3 41. Qd8 Kb2 42. Rc5 b4 43. h5 Rh6 44. Qg5 Kxa2 45. Qd2+ Kb3 46. Qc2+
Ka3 47. Ra5# 1-0

[Event "Bergische SF 1 - Hellertaler SF 1"]
[Site "NRW-Klasse - Gruppe 4 2021/20"]
[Date "2022.05.22"]
[Round "9.4"]
[White "Weiser, Hans-Josef"]
[Black "Mellmann, Matthias"]
[Result "1/2-1/2"]
[WhiteElo "1986"]
[BlackElo "1845"]
[PlyCount "25"]
[EventDate "2022.??.??"]
[SourceVersionDate "2020.03.16"]
[WhiteTeam "Bergische SF 1"]
[BlackTeam "Hellertaler SF 1"]

1. e4 e6 2. d4 d5 3. Nd2 dxe4 4. Nxe4 Nd7 5. Nf3 Ngf6 6. Bd3 Nxe4 7. Bxe4 Nf6
8. Bd3 Be7 9. O-O O-O 10. c3 b6 11. Qe2 Bb7 12. Be3 Qd5 13. Bc4 1/2-1/2